|
|
|
|
| LEADER |
00000nam a2200000 a 4500 |
| 001 |
vtls011711541 |
| 003 |
SK-MaSNL |
| 005 |
20260301222345.0 |
| 008 |
240311s2017 xo a g 000 h slo |
| 015 |
|
|
|a SNBA2017/12
|
| 020 |
|
|
|a 9788081700422
|q (viaz.)
|
| 035 |
|
|
|a urn:nbn:sk:snk-am00d06k
|
| 035 |
|
|
|a urn:nbn:sk:snk-am3hh6e
|
| 035 |
|
|
|a C1461FAB-3B32-4FC2-8510-A174CB44940F
|
| 040 |
|
|
|a SNK
|b slo
|c SNK
|e AACR2
|
| 041 |
0 |
|
|a slo
|
| 044 |
|
|
|a xo
|c SK
|
| 072 |
|
7 |
|a 821.162.4
|x Slovenská literatúra
|2 konspekt
|
| 080 |
|
|
|a 17.02
|2 2011
|
| 080 |
|
|
|a 82-7
|2 2011
|
| 080 |
|
|
|a (0:82-84)
|2 2011
|
| 100 |
1 |
|
|a Kalamár, Ondrej,
|d 1958-
|4 aut
|9 157914
|
| 245 |
1 |
0 |
|a Od O.K. do booka
|c Ondrej Kalamár ; [ilustrácie: Daniel Hevier]
|
| 246 |
3 |
0 |
|a O.K.
|
| 250 |
|
|
|a 1. vyd.
|
| 260 |
|
|
|a Bratislava
|b Trio Publishing
|c 2017
|
| 300 |
|
|
|a 63 s.
|b ilustr.
|c 24 cm
|
| 490 |
1 |
|
|a O.K.
|
| 650 |
0 |
7 |
|a životná múdrosť
|2 SNKPH
|9 4008
|
| 650 |
0 |
7 |
|a Life wisdom
|2 SNKPHeng
|9 305004
|
| 650 |
0 |
7 |
|a humor
|2 SNKPH
|9 1763
|
| 650 |
0 |
7 |
|a Humour
|2 SNKPHeng
|9 266358
|
| 655 |
|
7 |
|a slovenské aforizmy
|2 SNKPH
|9 277442
|
| 655 |
|
7 |
|a Aphorisms
|2 SNKPHeng
|9 297683
|
| 700 |
1 |
|
|a Hevier, Daniel,
|d 1955-
|4 ill
|9 103400
|
| 710 |
1 |
|
|a Magdalena Fazekašová
|4 pbl
|9 611847
|
| 830 |
|
0 |
|a O.K.
|9 420081
|
| 852 |
|
|
|a Štátna vedecká knižnica v Banskej Bystrici
|
| 919 |
|
|
|a 978-80-8170-042-2
|
| 999 |
|
|
|c 939613
|d 941543
|
| 952 |
|
|
|a SNK
|b SNK
|y PREZ
|7 0
|p 17A1304083
|o snkSC 176839
|i snk2017/24488
|8 0
|0 0
|1 0
|4 0
|d 2017-11-08
|f 1
|l 0
|r 2025-09-18 00:00:00
|w 2026-02-24
|
| 952 |
|
|
|a SNK
|b SNK
|y VYP
|7 0
|p 17A1304084
|o snkSC 176839 D1
|i snk2017/24491
|8 0
|0 0
|1 0
|4 0
|d 2017-11-08
|l 0
|r 2026-02-24 09:14:45
|w 2026-02-24
|